| 000 | 01325nam a2200349 i 4500 | ||
|---|---|---|---|
| 003 | EG-GICUC | ||
| 005 | 20260121154825.0 | ||
| 008 | 260121s1976 ua ad||f |||| 00| 0 ara d | ||
| 017 | _a1977/2263 | ||
| 020 | _a9772860167 | ||
| 040 |
_a EG-GICUC _bara _c EG-GICUC _d EG-GICUC _erda |
||
| 041 | _aara | ||
| 082 | 0 | 4 |
_221 _a345.5 _bم ح . ن |
| 092 | 0 | 4 | _221 |
| 099 | _aLaw1 07 345.5 م ح . ن 1976 | ||
| 100 | 0 |
_aمحمد سعيد أحمد _eمترجم. |
|
| 245 | 1 | 0 |
_aنظام التخطيط والبرمجة والموازنة / _cترجمة الدكتور محمد سعيد أحمد . |
| 264 | 1 |
_aالقاهرة : _bالمنظمة العربية للعلوم الإدارية ، _c1976 . |
|
| 300 |
_a119 ؛ صفحة _c24 سم _bإيضاحيات، رسوم بيانية ؛ |
||
| 336 |
_2rda content _atext |
||
| 337 |
_2rda media _aComputer |
||
| 338 |
_2rda carrier _aOnline Resource |
||
| 490 |
_aسلسلة الفكر الإداري المعاصر _v4 |
||
| 504 | _aببليوجرافيا: صفحة 119 | ||
| 650 | 1 | 4 |
_aالأموال عامة _2qrmak |
| 650 | 1 | 4 |
_aالقانون الإداري _2qrmak |
| 651 | 1 | _2qrmak | |
| 830 |
_aسلسلة الفكر الإداري المعاصر _v4 |
||
| 856 | 4 | 0 | _uhttps://fll.law.cu.edu.eg/fulltext/bks/B07-00117.pdf |
| 905 | _a61 | ||
| 942 |
_2ddc _cBK _e21 _n0 |
||
| 999 |
_c58493 _d58493 |
||